Mistrzostwa Świata 1998 - Statystyki

Ogólne statystyki
  • Ten quiz został rozwiązany 240 razy
  • Średni wynik to 10 z 22
Statystyki odpowiedzi
Pozycja Francja % Poprawnych
ŚPO Zinedine Zidane
95%
N Ronaldo
94%
LO Roberto Carlos
79%
ŚPO Rivaldo
77%
PO Cafu
73%
BR Fabien Barthez
73%
ŚPD Emmanuel Petit
65%
PO Lilian Thuram
60%
ŚO Marcel Desailly
57%
ŚPD Didier Deschamps
56%
LO Bixente Lizarazu
50%
BR Claudio Taffarel
44%
ŚPD Dunga
38%
N Bebeto
31%
ŚPO Youri Djorkaeff
27%
N Stephane Guivarch
19%
ŚO Aldair
17%
ŚPD Cesar Sampaio
17%
ŚO Frank Leboeuf
14%
ŚPD Christian Karembeu
13%
ŚO Junior Baiano
10%
ŚPO Leonardo
10%
Nie znaleziono quizów pasujących do podanych kryteriów
Rozkład punktacji
Procent ludzi z każdym wynikiem
Percentyl według liczby udzielonych odpowiedzi
Twoja historia wyników
Nie rozwiązałeś tego quizu